Logo BPK

Biblioteka

Politechniki Koszalińskiej

Materiały V ogólnopolskiej konferencji naukowo-technicznej nt. Wpływ technologii na stan warstwy wierzchniej / (Rekord nr 23489)

Szczegóły MARC
000 -ETYKIETA REKORDU
podpole kontrolne o stałej długości 00989nam a2200241 i 4500
001 - NUMER KONTROLNY REKORDU
pole kontrolne bg
040 ## - ŹRÓDŁO KATALOGOWANIA
Instytucja, która utworzyła rekord BPK
041 ## - KOD JĘZYKA
Kod języka tekstu pol
080 ## - UNIWERSALNA KLASYFIKACJA DZIESIĘTNA - UKD
UKD 669.017/.018
080 ## - UNIWERSALNA KLASYFIKACJA DZIESIĘTNA - UKD
UKD 621.791/.795
080 ## - UNIWERSALNA KLASYFIKACJA DZIESIĘTNA - UKD
UKD (06)
008 - POLE O STAŁEJ DŁUGOŚCI - DANE KONTROLNE
podpole kontrolne o stałej długości s pl f |000 0 pol
245 00 - TYTUŁ/ODPOWIEDZIALNOŚĆ
Tytuł Materiały V ogólnopolskiej konferencji naukowo-technicznej nt. Wpływ technologii na stan warstwy wierzchniej /
Pozostałe elementy strefy tytułu i oznaczenia odpowiedzialności Gorzowski Ośrodek Badań i Ekspertyz Naukowych.
246 ## - WARIANT TYTUŁU
Tytuł Wpływ technologii na stan warstwy wierzchniej
260 ## - STREFA ADRESU WYDAWNICZEGO
Miejsce wydania Gorzów Wlkp. :
Nazwa wydawcy/dystrybutora Gorzowski Ośrodek Badań i Ekspertyz Naukowych,
Data publikacji, dystrybucji/powstania dokumentu 1985.
490 1# - STREFA SERII I DOKUMENTU WIELOCZĘŚCIOWEGO - FORMA NIE DO WYSZUKIWANIA
Tytuł i oznaczenie odpowiedzialności serii Studia i Materiały / Gorzowski Ośrodek Badań i Ekspertyz Naukowych. Referaty,
ISSN ISSN 0239-8982 ;
Numeracja w obrębie serii T. 4 nr 1-2
650 #4 - HASŁO PRZEDMIOTOWE W FORMIE NAZWY OGÓLNEJ LUB JEDNOSTKOWEJ
Nazwa ogólna lub geograficzna Metale
Określnik ogólny technologia
650 #4 - HASŁO PRZEDMIOTOWE W FORMIE NAZWY OGÓLNEJ LUB JEDNOSTKOWEJ
Nazwa ogólna lub geograficzna Powierzchnia
Określnik ogólny badanie
650 #4 - HASŁO PRZEDMIOTOWE W FORMIE NAZWY OGÓLNEJ LUB JEDNOSTKOWEJ
Nazwa ogólna lub geograficzna Inżynieria powierzchni
655 #4 - TERMIN INDEKSOWY - OKREŚLENIE RODZAJU/FORMY DOKUMENTU
Określenie rodzaju/formy dokumentu Materiały konferencyjne
830 #0 - HASŁO DODATKOWE SERII LUB DOKUMENTU WIELOCZĘŚCIOWEGO - TYTUŁ UJEDNOLICONY
Tytuł ujednolicony Studia i Materiały - Gorzowski Ośrodek Badań i Ekspertyz Naukowych.
Nazwa części/sekcji dzieła Referaty ;
Oznaczenie tomu T. 4, nr 1-2
856 ## - LOKALIZACJA I DOSTĘP DO ELEKTRONICZNYCH DOKUMENTÓW ZDALNYCH
Link (URL) http://koha.tu.koszalin.pl/cgi-bin/koha/opac-detail.pl?biblionumber=23489
Tekst linku Katalog online BPK
942 ## - DODATKOWE ELEMENTY (KOHA)
Typ dokumentu Książka
Egzemplarze
Wycofany Status egzemplarza Uszkodzony Dostępność Lokalizacja stała Lokalizacja bieżąca Miejsce przechowywania Sygnatura Kod kreskowy Typ dokumentu
      Dostępny Biblioteka Politechniki Koszalińskiej Biblioteka Politechniki Koszalińskiej Wypożyczalnia BG 33605 00145435 Książka
© 2023 Biblioteka Politechniki Koszalińskiej :: KOHA